| 000 | 00430 a2200133 4500 | ||
|---|---|---|---|
| 001 | ART_3320 | ||
| 005 | 20260410161714.0 | ||
| 008 | 260409a | ||
| 245 | 1 | 0 | _aTamaño de la fuerza laboral y desempleo oculto en la Argentina |
| 100 | 1 | _aSánchez, Carlos E. | |
| 700 | 1 | _aFerrero, Fernando | |
| 700 | 1 | _aSchulthess, Wálter E. | |
| 773 | 0 |
_tDesarrollo económico _g- Vol. 19, Nº 74 (jul./sep. 1979) _wREV1174 |
|
| 999 |
_c16322 _d16322 |
||